Normal view
MARC view
- Fenwick, Mark
Entry Personal Name
001 - CONTROL NUMBER
- control field: 108857
003 - CONTROL NUMBER IDENTIFIER
- control field: NUST
005 - DATE AND TIME OF LATEST TRANSACTION
- control field: 20230210102117.0
008 - FIXED-LENGTH DATA ELEMENTS
- fixed length control field: 230210|| aca||aabn | a|a d
040 ## - CATALOGING SOURCE
- Original cataloging agency: NUST
- Transcribing agency: NUST
100 ## - HEADING--PERSONAL NAME
- Personal name: Fenwick, Mark
670 ## - SOURCE DATA FOUND
- Source citation: Work cat.: (NUST)0: Fenwick, Mark., Legal certainty in a contemporary context :
